| 000 | 01026nam a2200253 a 4500 | ||
|---|---|---|---|
| 001 | 86330 | ||
| 003 | BD-RjUL | ||
| 005 | 20260407121437.0 | ||
| 008 | 260407s2023 bg a|||| m||| 00| 0 eng d | ||
| 035 | _a(BD-RjUL)86330 | ||
| 040 |
_aBD-RjUL _beng _cBD-RjUL _dBD-RjUL |
||
| 041 | _aeng | ||
| 082 |
_223 _a375.095492 _bJAI 2023 |
||
| 100 |
_aJakir, Researcher _918044 |
||
| 245 | 1 | 0 |
_aIdentifying Challenges and Developing an Effective Curriculum for Teaching English Pronuciation in Bangladesh / _cResearcher, Jakir _6Sopervisor : Rubafyat Jahan, Co-Sopervisor : M. Shahidullah |
| 260 |
_aRajshahi : _bInstitute of Bangladesh Studies, University of Rajshahi, _c2023 |
||
| 300 |
_axxvi, 303 Leaves : _bill, ; _c30 cm. |
||
| 502 | _aThesis (Ph. D.) -- Institute of Bangladesh Studies, University of Rajshahi, 2023 | ||
| 504 | _aBibliography : Leaves 243-253 | ||
| 650 |
_aCurriculum _zBangladesh _918045 |
||
| 700 |
_aJahan, Rubafyat, Sopervisor _918046 |
||
| 700 |
_aShahidullah, M. Co-Sopervisor _918047 |
||
| 942 |
_2ddc _cTHE |
||
| 999 |
_c86330 _d86330 |
||